书目信息 |
| 题名: |
建筑结构原理
|
|
| 作者: | 马尔科姆·米莱 著 | |
| 分册: | ||
| 出版信息: | 北京 中国水利水电出版社 2002.5 |
|
| 页数: | 293页 | |
| 开本: | 26cm | |
| 丛书名: | ||
| 单 册: | ||
| 中图分类: | TU31 | |
| 科图分类: | ||
| 主题词: | 建筑结构--理论 , 建筑结构--结构计算 | |
| 电子资源: | ||
| ISBN: | 7-5084-0975-2 | |
| 000 | 00574nam0 2200193 45 | |
| 001 | 8060718449 | |
| 005 | 1980020416515832 | |
| 010 | @a7-5084-0975-2@dRMB 50.00 | |
| 100 | @a19800204d2002 km y0chiy0120 ea | |
| 101 | 0 | @achi |
| 200 | 1 | @a建筑结构原理@Ajian zhu jie gou yuan li@f马尔科姆·米莱著@Fma er ke mu·mi lai zhu |
| 210 | @a北京@c中国水利水电出版社@d2002.5 | |
| 215 | @a293页@d26cm | |
| 606 | 0 | @a建筑结构@x理论 |
| 606 | 0 | @a建筑结构@x结构计算 |
| 690 | @aTU31@v3 | |
| 701 | 0 | @a马尔科姆·米莱@Ama er ke mu·mi lai@4著 |
| 801 | 0 | @aCN@bPFT@c19800204 |
| 905 | @dTU31@eM041 | |
| 建筑结构原理/马尔科姆·米莱著.-北京:中国水利水电出版社,2002.5 |
| 293页;26cm |
| ISBN 7-5084-0975-2:RMB 50.00 |
| ● |
| 相关链接 |
|
|
|
正题名:建筑结构原理
索取号:TU31/M041
 
预约/预借
| 序号 | 登录号 | 条形码 | 馆藏地/架位号 | 状态 | 备注 |
| 1 | 361290 | 203612901 | 建筑库101/101建筑库 77排1列3层/ [索取号:TU31/M041] | 在馆 | |
| 2 | 361291 | 203612910 | 建筑库101/101建筑库 77排1列3层/ [索取号:TU31/M041] | 在馆 | |
| 3 | 361292 | 203612929 | 建筑库101/101建筑库 77排1列3层/ [索取号:TU31/M041] | 在馆 |